|
|
|
|
| LEADER |
02009nam a2200469 a 4500 |
| 001 |
EBC1107601 |
| 003 |
MiAaPQ |
| 005 |
20200520144314.0 |
| 006 |
m o d | |
| 007 |
cr cn||||||||| |
| 008 |
860131s1986 ncuabd sb 001 0 eng d |
| 010 |
|
|
|z 86001404
|
| 020 |
|
|
|z 0807817074
|
| 020 |
|
|
|z 0807841560 (pbk.)
|
| 020 |
|
|
|z 9780807841563
|
| 020 |
|
|
|a 9781469610986 (electronic bk.)
|
| 035 |
|
|
|a (MiAaPQ)EBC1107601
|
| 035 |
|
|
|a (Au-PeEL)EBL1107601
|
| 035 |
|
|
|a (CaPaEBR)ebr10676061
|
| 035 |
|
|
|a (CaONFJC)MIL930050
|
| 035 |
|
|
|a (OCoLC)823719613
|
| 040 |
|
|
|a MiAaPQ
|c MiAaPQ
|d MiAaPQ
|
| 043 |
|
|
|a n-us---
|
| 050 |
|
4 |
|a HD7288.76.U5
|b H68 1986
|
| 082 |
0 |
4 |
|a 363.5/1
|2 19
|
| 245 |
0 |
0 |
|a Housing desegregation and federal policy
|h [electronic resource] /
|c edited by John M. Goering.
|
| 260 |
|
|
|a Chapel Hill :
|b University of North Carolina Press,
|c c1986.
|
| 300 |
|
|
|a x, 343 p. :
|b ill., maps.
|
| 490 |
1 |
|
|a Urban and regional policy and development studies
|
| 504 |
|
|
|a Includes bibliographical references and index.
|
| 505 |
0 |
|
|a section I. Perspectives on housing integration -- section II. Segregation and discrimination in housing -- section III. Social and attitudinal factors affecting housing integration -- section IV. Racial desegregation and federal housing policies.
|
| 533 |
|
|
|a Electronic reproduction. Ann Arbor, MI : ProQuest, 2015. Available via World Wide Web. Access may be limited to ProQuest affiliated libraries.
|
| 650 |
|
0 |
|a Discrimination in housing
|z United States.
|
| 650 |
|
0 |
|a Housing policy
|z United States.
|
| 650 |
|
0 |
|a Discrimination in housing
|x Law and legislation
|z United States.
|
| 650 |
|
0 |
|a Public housing
|z United States.
|
| 651 |
|
0 |
|a United States
|x Race relations.
|
| 655 |
|
4 |
|a Electronic books.
|
| 700 |
1 |
|
|a Goering, John M.
|
| 710 |
2 |
|
|a ProQuest (Firm)
|
| 830 |
|
0 |
|a Urban and regional policy and development studies.
|
| 856 |
4 |
0 |
|u https://ebookcentral.proquest.com/lib/matrademy/detail.action?docID=1107601
|z Click to View
|